000 00428nam a2200181Ia 4500
001 25214
005 20260414151135.0
008 260414t2004||||xx |||||||||||||| ||spa||
041 _aESP
082 _a346.4
_bM69
100 _aMoisset de Espanés, Luis
_eAUT
245 0 _aLa publicidad registral
_b
260 _c2004
300 _a490 páginas :
_c24 cm.
650 _aDER
654 _aCDE
942 _cLIB
_dJUS
_fJUS
_2ddc
_n
999 _c25214
_d25214